Brawlers In Brawl Stars (Pictures) - Statistics

General Stats
  • This quiz has been taken 2,970 times
  • The average score is 63 of 80
Answer Stats
Picture Answer % Correct
Leon
83%
Poco
83%
Shelly
83%
8-Bit
82%
Bea
82%
Bo
82%
Bull
82%
Colt
82%
Crow
82%
El Primo
82%
Emz
82%
Frank
82%
Mortis
82%
Nita
82%
Rosa
82%
Spike
82%
Barley
81%
Bibi
81%
Brock
81%
Carl
81%
Dynamike
81%
Edgar
81%
Kit
81%
Piper
81%
Rico
81%
Sandy
81%
Tara
81%
Tick
81%
Amber
80%
Gene
80%
Gus
80%
Jessie
80%
Max
80%
Mr. P
80%
Pam
80%
Penny
80%
Stu
80%
Surge
80%
Buzz
79%
Darryl
79%
Doug
79%
Griff
79%
Hank
79%
Jacky
79%
Nani
79%
Ash
78%
Byron
78%
Chester
78%
Draco
78%
Grom
78%
Sprout
78%
Angelo
77%
Fang
77%
Gale
77%
Gray
77%
Mandy
77%
Meg
77%
Otis
77%
Lily
76%
Lola
76%
Lou
76%
Mico
76%
R-T
76%
Ruffs
76%
Sam
76%
Squeak
76%
Bonnie
75%
Buster
75%
Chuck
75%
Colette
75%
Eve
75%
Larry & Lawrie
75%
Melodie
75%
Willow
75%
Belle
74%
Janet
74%
Pearl
74%
Charlie
73%
Cordelius
72%
Maisie
67%
No matching quizzes found
Score Distribution
Percent of People with Each Score
Percentile by Number Answered
Your Score History
You have not taken this quiz